Online Catalogue and eLibrary

The predicament of culture : (Record no. 264)

MARC details
000 -LEADER
fixed length control field 00651cam a2200217 a 4500
001 - CONTROL NUMBER
control field 4313993
005 - DATE AND TIME OF LATEST TRANSACTION
control field 20240202002212.0
008 - FIXED-LENGTH DATA ELEMENTS--GENERAL INFORMATION
fixed length control field 870814s1988 maua b 001 0 eng
020 ## - INTERNATIONAL STANDARD BOOK NUMBER
ISBN 0674698428 (alk. paper)
020 ## - INTERNATIONAL STANDARD BOOK NUMBER
ISBN 0674698436 (pbk. : alk. paper)
040 ## - CATALOGING SOURCE (பட்டியலாக்க மூலம்)
Original cataloging agency DLC
Transcribing agency DLC
Modifying agency DLC
082 00 - DDC Classification
Class No. 306.
DDC Edition Number 19
Item Number - Author Mark PRE.
100 1# - MAIN ENTRY--PERSONAL NAME
Personal name Clifford, James,
245 14 - TITLE STATEMENT
Title The predicament of culture :
Remainder of title twentieth-century ethnography, literature, and art /
Statement of responsibility, etc. James Clifford.
260 ## - PUBLICATION, DISTRIBUTION, ETC.
Place of publication, distribution, etc. Cambridge, Mass. :
Name of publisher, distributor, etc. Harvard University Press,
Date of publication, distribution, etc. 1988.
300 ## - PHYSICAL DESCRIPTION
Extent (e.g. Volumes, Pages etc.) xii, 381 p. :
500 ## - GENERAL NOTE
General note Includes index.
650 #0 - SUBJECT ADDED ENTRY--TOPICAL TERM
Topical term or geographic name entry element Ethnology
650 #0 - SUBJECT ADDED ENTRY--TOPICAL TERM
Topical term or geographic name entry element Ethnology
942 ## - Koha item type (Biblio)
Koha item type Books in Stacks (Lending)
Holdings
Lost status Damaged status Collection code Home library Current library Date acquired Full call number Accession Number Item type
    Lending WERC Library WERC Library 02/02/2024 306. PRE. 1111 Books in Stacks (Lending)

© WERC Library